Vývoj akciových trhov v krajinách V4 bakalárska práca

Salvato in:
Dettagli Bibliografici
Autore principale: Grajcárová, Lenka
Ente Autore: Národohospodárska fakulta EU. Katedra bankovníctva a medzinárodných financií
Altri autori: Gachová, Katarína, 1977-
Natura: Libro
Lingua:slovacco
Pubblicazione: Bratislava 2014
Tags: Aggiungi Tag
Nessun Tag, puoi essere il primo ad aggiungerne!!

MARC

LEADER 00000nbm a2200000 4500
001 0189350
005 20170201085315.7
041 0 |a slo 
044 |a SK 
245 1 0 |a Vývoj akciových trhov v krajinách V4  |b bakalárska práca  |c Lenka Grajcárová ; školiteľ: Katarína Gachová 
264 1 |a Bratislava  |c 2014 
300 |a 57 s. 
100 1 |a Grajcárová, Lenka 
700 1 |a Gachová, Katarína, 1977- 
710 2 |a Národohospodárska fakulta EU. Katedra bankovníctva a medzinárodných financií